000 00499nam a2200169 i 4500
001 28946
003 ES-MaACL
005 20230906153945.0
007 t|
008 030120s1975 sp ||||1| spa d
110 2 _aBanco de Crédito Agrícola.
_92101
245 1 0 _aMemoria de actividades 1974 /
_cBanco de Crédito Agrícola.
260 _a[S.l. :
_bs.n.,
_c1975]
300 _a98 p. ;
_c26 cm.
610 2 4 _aBanco de Crédito Agrícola-
_vMemorias.
_9160835
852 _aES-MaACL
_jE-8539
_bR.92983
999 _c28946
_d28946